000 00443nam a22001817a 4500
003 OSt
005 20180116183004.0
008 150805b xxu||||| |||| 00| 0 eng d
020 _a9788131525258
040 _c0
082 _a657.3 GIB 2014
100 _aGibson
245 _aFinancial Statement Analysis
_cGibson
260 _aIndia
_bCengage
_c2014
300 _a664 p.
_bPB
440 _aFinancial Statement Analysis
942 _2ddc
_cBK
999 _c349994
_d349994